<?xml version="1.0" encoding="UTF-8"?>
<record
    xmlns:xsi="http://www.w3.org/2001/XMLSchema-instance"
    xsi:schemaLocation="http://www.loc.gov/MARC21/slim http://www.loc.gov/standards/marcxml/schema/MARC21slim.xsd"
    xmlns="http://www.loc.gov/MARC21/slim">

  <leader>03046cam a2200373Ia 4500</leader>
  <controlfield tag="001">50363</controlfield>
  <controlfield tag="005">20230411090002.0</controlfield>
  <controlfield tag="008">990204s1998    enk      b    001 0 eng d</controlfield>
  <datafield tag="035" ind1=" " ind2=" ">
    <subfield code="a">(OCoLC)ocm40733459</subfield>
  </datafield>
  <datafield tag="040" ind1=" " ind2=" ">
    <subfield code="a">SNM</subfield>
    <subfield code="c">SNM</subfield>
    <subfield code="d">OCLCQ</subfield>
    <subfield code="d">NGW</subfield>
    <subfield code="d">OCLCQ</subfield>
    <subfield code="d">BAKER</subfield>
    <subfield code="d">YDXCP</subfield>
  </datafield>
  <datafield tag="020" ind1=" " ind2=" ">
    <subfield code="a">0521645654 (pbk.)</subfield>
  </datafield>
  <datafield tag="020" ind1=" " ind2=" ">
    <subfield code="a">9780521645652 (pbk.)</subfield>
  </datafield>
  <datafield tag="029" ind1="1" ind2=" ">
    <subfield code="a">YDXCP</subfield>
    <subfield code="b">1480917</subfield>
  </datafield>
  <datafield tag="035" ind1=" " ind2=" ">
    <subfield code="a">(OCoLC)40733459</subfield>
  </datafield>
  <datafield tag="043" ind1=" " ind2=" ">
    <subfield code="a">n-us---</subfield>
  </datafield>
  <datafield tag="090" ind1=" " ind2=" ">
    <subfield code="a">HV2545</subfield>
    <subfield code="b">.C85 1998</subfield>
  </datafield>
  <datafield tag="049" ind1=" " ind2=" ">
    <subfield code="a">GRAL</subfield>
  </datafield>
  <datafield tag="245" ind1="0" ind2="0">
    <subfield code="a">Cultural and language diversity and the deaf experience</subfield>
    <subfield code="c">editor, Ila Parasnis.</subfield>
  </datafield>
  <datafield tag="250" ind1=" " ind2=" ">
    <subfield code="a">1st pbk. ed.</subfield>
  </datafield>
  <datafield tag="260" ind1=" " ind2=" ">
    <subfield code="a">Cambridge ;</subfield>
    <subfield code="a">New York, NY :</subfield>
    <subfield code="b">Cambridge University Press,</subfield>
    <subfield code="c">2007</subfield>
  </datafield>
  <datafield tag="300" ind1=" " ind2=" ">
    <subfield code="a">xiv, 306 p. ;</subfield>
    <subfield code="c">24 cm.</subfield>
  </datafield>
  <datafield tag="504" ind1=" " ind2=" ">
    <subfield code="a">Includes bibliographical references and index.</subfield>
  </datafield>
  <datafield tag="505" ind1="0" ind2="0">
    <subfield code="g">Part I. Bilingualism-biculturalism and the deaf experience: an overview.</subfield>
    <subfield code="t">On interpreting the deaf experience within the context of cultural and language diversity /</subfield>
    <subfield code="r">Ila Parasnis --</subfield>
    <subfield code="t">Living with two languages and two cultures /</subfield>
    <subfield code="r">Francois Grosjean --</subfield>
    <subfield code="t">Perspectives from the history and the politics of bilingualism and bilingual education in the United States /</subfield>
    <subfield code="r">Kenji Hakuta, Elizabeth Feldman Mostafapour --</subfield>
    <subfield code="t">Cognitive and language development of bilingual children /</subfield>
    <subfield code="r">Josiane F. Hamers.</subfield>
  </datafield>
  <datafield tag="505" ind1="0" ind2="0">
    <subfield code="g">Part II. Psychosocial, cognitive, and language experiences of deaf people.</subfield>
    <subfield code="t">From the cultural to the bicultural: the modern deaf community /</subfield>
    <subfield code="r">Carol A. Padden --</subfield>
    <subfield code="t">Early bilingual lives of deaf children /</subfield>
    <subfield code="r">Carol A. Padden --</subfield>
    <subfield code="t">Communication experiences of deaf people: an ethnographic account /</subfield>
    <subfield code="r">Susan B. Foster --</subfield>
    <subfield code="t">Marginality, biculturalism, and social identity of deaf people /</subfield>
    <subfield code="r">R. Greg Emerton --</subfield>
    <subfield code="t">Attitudes of the deaf community toward political activism /</subfield>
    <subfield code="r">Gerald C. Bateman --</subfield>
    <subfield code="t">Cultural and language diversity in the curriculum: toward reflective practice /</subfield>
    <subfield code="r">Bonnie Meath-Lang --</subfield>
    <subfield code="t">Minority empowerment and the education of deaf people /</subfield>
    <subfield code="r">Joan B. Stone --</subfield>
    <subfield code="t">Social assimilation of deaf high school students: the role of school environment /</subfield>
    <subfield code="r">Thomas K. Holcomb.</subfield>
  </datafield>
  <datafield tag="505" ind1="0" ind2="0">
    <subfield code="g">Part III. The Deaf experience: personal reflections.</subfield>
    <subfield code="t">Growing up deaf in deaf families: two different experiences /</subfield>
    <subfield code="r">Susan C. Searls, David R. Johnston --</subfield>
    <subfield code="t">Another new birth: reflections of a deaf native signer /</subfield>
    <subfield code="r">Patrick A. Graybill --</subfield>
    <subfield code="t">Raising deaf children in hearing society: struggles and challenges for deaf native ASL signers /</subfield>
    <subfield code="r">Gary E. Mowl --</subfield>
    <subfield code="t">In search of self: experiences of a postlingually deaf African-American /</subfield>
    <subfield code="r">Dianne K. Brooks --</subfield>
    <subfield code="t">Living in a bilingual-bicultural family /</subfield>
    <subfield code="r">Lynn Finton --</subfield>
    <subfield code="t">On being both hearing and deaf: my bilingual-bicultural experience /</subfield>
    <subfield code="r">Patricia Mudgett-DeCaro.</subfield>
  </datafield>
  <datafield tag="650" ind1=" " ind2="0">
    <subfield code="a">Deaf</subfield>
    <subfield code="z">United States</subfield>
    <subfield code="x">Social conditions.</subfield>
  </datafield>
  <datafield tag="650" ind1=" " ind2="0">
    <subfield code="a">Linguistic minorities</subfield>
    <subfield code="z">United States.</subfield>
  </datafield>
  <datafield tag="650" ind1=" " ind2="0">
    <subfield code="a">Multiculturalism</subfield>
    <subfield code="z">United States.</subfield>
  </datafield>
  <datafield tag="700" ind1="1" ind2=" ">
    <subfield code="a">Parasnis, Ila.</subfield>
  </datafield>
  <datafield tag="938" ind1=" " ind2=" ">
    <subfield code="a">YBP Library Services</subfield>
    <subfield code="b">YANK</subfield>
    <subfield code="n">1480917</subfield>
  </datafield>
  <datafield tag="938" ind1=" " ind2=" ">
    <subfield code="a">Baker &amp; Taylor</subfield>
    <subfield code="b">BKTY</subfield>
    <subfield code="c">31.99</subfield>
    <subfield code="d">31.99</subfield>
    <subfield code="i">0521645654</subfield>
    <subfield code="n">0003196857</subfield>
    <subfield code="s">active</subfield>
  </datafield>
  <datafield tag="942" ind1=" " ind2=" ">
    <subfield code="2">lcc</subfield>
    <subfield code="c">bk</subfield>
  </datafield>
  <datafield tag="994" ind1=" " ind2=" ">
    <subfield code="a">C0</subfield>
    <subfield code="b">DRFGD</subfield>
  </datafield>
  <datafield tag="999" ind1=" " ind2=" ">
    <subfield code="c">110429</subfield>
    <subfield code="d">110429</subfield>
  </datafield>
  <datafield tag="952" ind1=" " ind2=" ">
    <subfield code="0">0</subfield>
    <subfield code="1">0</subfield>
    <subfield code="2">lcc</subfield>
    <subfield code="4">0</subfield>
    <subfield code="7">0</subfield>
    <subfield code="8">APT</subfield>
    <subfield code="a">BJB</subfield>
    <subfield code="b">BJB</subfield>
    <subfield code="c">APT</subfield>
    <subfield code="d">2023-04-11</subfield>
    <subfield code="l">0</subfield>
    <subfield code="p">00000052378</subfield>
    <subfield code="r">2019-02-17 00:00:00</subfield>
    <subfield code="t">1</subfield>
    <subfield code="w">2019-02-17</subfield>
    <subfield code="y">bk</subfield>
  </datafield>
</record>
